000 00946nam a2200217 i 4500
001 157895
003 ES-MaACL
005 20240203062550.0
008 990331s1861 sp |||| | spa d
080 _a636.088(042.5)
100 1 _aLlorente Lázaro, Ramón,
_d1820-1880
_9128508
245 1 0 _aDiscurso sobre la domesticación de los animales y condiciones para conseguirla, leído en la Universidad Central /
_cpor Ramón Llorente y Lázaro.
260 _aMadrid :
_b[s.n.],
_c1861 (
_fImp. de D. Luis Palacios)
300 _a27 p. ;
_c25 cm.
530 _aDisponible en formato digital.
650 4 _aAnimales-
_xAdiestramiento.
_9169640
710 2 _aUniversidad Central (Madrid)
_97084
852 4 _aES-MaACL
_jT-68-F-11
_z- Enc. hol., falto de cub. original
_z- Enc. en un vol. facticio
856 4 _uhttps://patrimoniodigital.ucm.es/s/patrimonio/item/660198
_zPatrimonio Digital Complutense
999 _c157895
_d157895